000 00767nam a2200265 i 4500
001 10736
003 ES-MaACL
005 20250812022434.0
007 t|
008 921002s1990 sp ||||0| spa d
016 7 _zCEN920049432
020 _a84-207-3730-5
040 _aCEN
_bspa
_cCEN
080 _a7.032.6
100 1 _aBlanco Freijeiro, Antonio.
_929252
245 1 3 _aEl arte griego /
_cAntonio Blanco Freijeiro.
260 _aMadrid :
_bAnaya,
_cD.L. 1990.
300 _a96 p :
_bil ;
_c19 cm.
490 1 _aBiblioteca básica. Serie Arte
504 _aBibliografía.
650 7 _aArte griego
_2embne
_910221
830 0 _aBiblioteca básica. Serie Arte
_9228136
852 _aES-MaACL
_jL-18112
_bR.123735
999 _c10736
_d10736